000 01065nam a2200397 a 4500
003 AR-BaBNM
005 20251128204928.0
008 082120s2002 ||||||||||||||000 | spa||
020 _a84-277-1066-6
040 _cAR-BaBNM
100 1 _aRenoult, Noëlle
245 0 0 _aDramatización infantil
_bexpresarse a través del teatro
260 _aMadrid
_bNarcea
_c1994
300 _a126 p.
_bil.
490 0 _aPrimeros años
504 _aBibliografía: p. 123-125
650 4 _aDRAMATIZACION
650 4 _aTEATRO ESCOLAR
650 4 _aDESARROLLO DE LA CREATIVIDAD
650 4 _aIMAGINACION
650 4 _aIMPROVISACION
650 4 _aEXPRESION ORAL
650 4 _aDESARROLLO MENTAL
650 4 _aTECNICAS DE ENSEÑANZA
650 4 _aJUEGOS EDUCATIVOS
650 4 _aRECURSOS EDUCACIONALES
650 4 _aMATERIAL AUDIOVISUAL
650 4 _aFOTOGRAFIA
653 _aEDUCACION INICIAL
653 _aEXPRESION CORPORAL
653 _aHISTORIETAS
700 1 _aRenoult, Bernard
700 1 _aVialaret, Corinne
942 _cBK
998 _cGrace
999 _c9370
_d9370